Terrible Jokes II Quiz Stats

 Plays Quiz Updated Mar 8, 2019

Score 0/20 Timer 07:00
8 Plays Today
% Correct
Because if they fell forwards, they’d still be in the boat.
94.9%
He's all right now.
94.1%
I can hardly contain myself.
93.7%
It was otter chaos.
92.7%
Unless you're donating blood.
91.4%
She sells seashells on the sea shore.
90.4%
HAND EYE-EEEEE-EYE
90.3%
When you replace words with random musical instruments.
89.8%
They're called the Hallouminati.
89.1%
Polygon.
88.5%
% Correct
Make me one with everything.
88.2%
He was a supercalloused fragile mystic, hexed by halitosis.
88.1%
It was disgraceful, disgusting, dishonest, and disingenuous.
87.7%
I gave him a glass of water.
87.5%
I can’t even tell you how angry I am!
87.2%
Turns out, this is called “Identity Theft.”
85.9%
I had to put my foot down.
85%
We don’t have Oleg to stand on.
84.2%
I eat a plate of scrambled eggs on my front porch, just to let them know what I’m capable of.
83.8%
Debt collectors are the worst!
78.3%

You're not logged in!

Compare scores with friends on all Sporcle quizzes.
OR
Log In

Sporcle TV

Today on Sporcle TV


Watch our educational content, quiz creation guides, and fun videos on Sporcle TV.

Show Comments

Extras

Top Quizzes Today


Score Distribution

Your Account Isn't Verified!

In order to create a playlist on Sporcle, you need to verify the email address you used during registration. Go to your Sporcle Settings to finish the process.

Report this User

Report this user for behavior that violates our Community Guidelines.

Details: